00562nam a2200241Ia 4500008004000000041000800040082001100048100003000059245007900089260002600168300001100194650000800205650001000213650001000223650001000233650001100243650000700254650001300261650000700274650001200281650001200293650001500305210210b1955 xxu||||| |||| 00| 0 eng d aeng a230/47 aDUCKETT (Eleanor shepley) aSaint Dunstan of canterburybStudy of monastic reform in the tenth century aLondonbCollinsc1955 axi,249 athe atenth aStudy aSaint areform aof amonastic ain aDunstan acentury acanterbury